000 00263nam a2200109Ia 4500
008 220216s9999 xx 000 0 und d
100 _aMathew M
245 0 _aRubberinu sugandham pakaran sugandhavilakal
260 _bRubber
_c2014
300 _a24-25
942 _cJS
999 _c68252
_d68252